[Event "30. Staufer-Open (A)"]
[Site "?"]
[Date "2018.01.04"]
[Round "5"]
[White "Lampert, Jonas"]
[Black "Kunin, Vitaly"]
[Result "1/2-1/2"]
[WhiteElo "2518"]
[BlackElo "2556"]
[PlyCount "76"]
[EventDate "2018.??.??"]
[WhiteTeam "Hamburger SK von 1830 eV"]
[BlackTeam "Freibauer Mörlenbach-Birkenau"]

1. e4 e6 2. d4 d5 3. Nd2 dxe4 4. Nxe4 Bd7 5. Nf3 Bc6 6. Bd3 Nd7 7. Bf4 Ngf6 8.
Nxf6+ Nxf6 9. O-O Bxf3 10. Qxf3 c6 11. Be5 Be7 12. Rfe1 Qd5 13. Qg3 Kf8 14. c4
Qd7 15. Rad1 h5 16. h3 h4 17. Qf3 Rd8 18. Bc2 Qc8 19. Bb3 Rh6 20. d5 cxd5 21.
cxd5 Nxd5 22. Bxd5 Rxd5 23. Rxd5 exd5 24. Bxg7+ Kxg7 25. Rxe7 Rf6 26. Qe3 Kf8
27. Re5 Re6 28. Rxe6 Qxe6 29. Qd4 Qh6 30. Qe5 Kg8 31. f4 Qb6+ 32. Kh1 Qf2 33.
Qe8+ Kg7 34. Qe5+ f6 35. Qe7+ Kg6 36. Qe8+ Kf5 37. Qd7+ Kxf4 38. Qxd5 Qe1+
1/2-1/2

[Event "30. Staufer-Open (A)"]
[Site "?"]
[Date "2018.01.04"]
[Round "5"]
[White "Noe, Christopher"]
[Black "Novikov, Stanislav"]
[Result "1/2-1/2"]
[WhiteElo "2474"]
[BlackElo "2540"]
[PlyCount "57"]
[EventDate "2018.??.??"]
[WhiteTeam "SC Eppingen"]

1. d4 d5 2. c4 e6 3. Nc3 c6 4. e3 Nf6 5. Nf3 Nbd7 6. Qc2 Bd6 7. Bd3 O-O 8. O-O
dxc4 9. Bxc4 a6 10. e4 e5 11. Ne2 Qe7 12. Ng3 exd4 13. Nf5 Qxe4 14. Bd3 Qd5 15.
Bf4 Ne5 16. Nxd6 Nxf3+ 17. gxf3 Qxf3 18. Nxc8 Qxf4 19. Ne7+ Kh8 20. Nf5 Rae8
21. Ng3 h5 22. Qc5 g6 23. Qc1 Qf3 24. Qh6+ Kg8 25. Nf5 Qg4+ 26. Kh1 Qf3+ 27.
Kg1 Qg4+ 28. Kh1 Qf3+ 29. Kg1 1/2-1/2

[Event "30. Staufer-Open (A)"]
[Site "?"]
[Date "2018.01.04"]
[Round "5"]
[White "Plat, Vojtech"]
[Black "Kjartansson, Gudmundur"]
[Result "0-1"]
[WhiteElo "2569"]
[BlackElo "2438"]
[PlyCount "50"]
[EventDate "2018.??.??"]
[WhiteTeam "SC Weiler im Allgäu e. V."]

1. e4 c6 2. d4 d5 3. exd5 cxd5 4. c4 Nf6 5. Nc3 Nc6 6. Nf3 Bg4 7. cxd5 Nxd5 8.
Qb3 Bxf3 9. gxf3 e6 10. Qxb7 Nxd4 11. Bb5+ Nxb5 12. Qc6+ Ke7 13. Qc5+ Nd6 14.
Nxd5+ exd5 15. O-O Qc8 16. Qxd5 Qb7 17. Qe5+ Kd7 18. Rd1 Re8 19. Qf5+ Re6 20.
Qxf7+ Be7 21. Bg5 Re8 22. Rd2 h6 23. Be3 Rf8 24. Qxg7 Rff6 25. Kh1 Rxf3 0-1

[Event "30. Staufer-Open (A)"]
[Site "?"]
[Date "2018.01.04"]
[Round "5"]
[White "Burmakin, Vladimir"]
[Black "Krassowizkij, Jaroslaw"]
[Result "1/2-1/2"]
[WhiteElo "2526"]
[BlackElo "2433"]
[PlyCount "53"]
[EventDate "2018.??.??"]
[WhiteTeam "SF 90 Spraitbach e.V."]
[BlackTeam "SV Jedesheim 1921"]

1. Nf3 Nf6 2. g3 g6 3. Bg2 Bg7 4. O-O O-O 5. d4 d5 6. c4 c6 7. Qb3 Qb6 8. Nc3
Rd8 9. Na4 Qxb3 10. axb3 Na6 11. Bg5 h6 12. Bxf6 Bxf6 13. e3 Bf5 14. Rfc1 Nb4
15. Nc5 b6 16. Na6 Nxa6 17. Rxa6 Be4 18. cxd5 cxd5 19. Rca1 Rdc8 20. Ne5 Bxe5
21. dxe5 e6 22. Bxe4 dxe4 23. R1a4 Rc2 24. Rxb6 Rxb2 25. Rb7 a5 26. h4 g5 27.
hxg5 1/2-1/2

[Event "30. Staufer-Open (A)"]
[Site "?"]
[Date "2018.01.04"]
[Round "5"]
[White "Wenninger, Philipp"]
[Black "Kraus, Tomas"]
[Result "1/2-1/2"]
[WhiteElo "2349"]
[BlackElo "2426"]
[PlyCount "36"]
[EventDate "2018.??.??"]
[WhiteTeam "SC Erlangen 48/88"]

1. d4 d6 2. Nf3 Bg4 3. c4 Nd7 4. Qb3 Rb8 5. h3 Bxf3 6. Qxf3 g6 7. Qd3 Ngf6 8.
Nc3 c5 9. e3 Bg7 10. Be2 O-O 11. O-O cxd4 12. exd4 Rc8 13. Bf3 Qc7 14. b3 Rfd8
15. Bb2 a6 16. Rfe1 e6 17. Rac1 Nf8 18. g3 g5 1/2-1/2

[Event "30. Staufer-Open (A)"]
[Site "?"]
[Date "2018.01.04"]
[Round "5"]
[White "Hecht, Carsten"]
[Black "Dgebuadze, Alexandre"]
[Result "1/2-1/2"]
[WhiteElo "2232"]
[BlackElo "2521"]
[PlyCount "65"]
[EventDate "2018.??.??"]
[WhiteTeam "LSV Turm Lippstadt"]
[BlackTeam "SC Remagen-Sinzig"]

1. e4 e6 2. d4 d5 3. Nc3 Bb4 4. e5 Ne7 5. Qg4 c5 6. dxc5 Nbc6 7. Bd2 Nf5 8. Nf3
h5 9. Qf4 f6 10. Bb5 Bxc5 11. O-O-O O-O 12. Bxc6 bxc6 13. g4 fxe5 14. Qa4 hxg4
15. Nxe5 Qb6 16. Qxg4 Rb8 17. b3 Bd4 18. Ng6 Qc5 19. Nxf8 Bxc3 20. Bxc3 Qxc3
21. Ng6 Rb4 22. Qh5 Qa1+ 23. Kd2 Rd4+ 24. Ke2 Ba6+ 25. c4 Qxa2+ 26. Kf3 Re4 27.
Rhe1 Qxb3+ 28. Kg2 Qxc4 29. Ne7+ Nxe7 30. Qe8+ Kh7 31. Qh5+ Kg8 32. Qe8+ Kh7
33. Qh5+ 1/2-1/2

[Event "30. Staufer-Open (A)"]
[Site "?"]
[Date "2018.01.04"]
[Round "5"]
[White "Velicka, Petr"]
[Black "Mariano, Elia"]
[Result "1/2-1/2"]
[WhiteElo "2429"]
[BlackElo "2213"]
[PlyCount "116"]
[EventDate "2018.??.??"]
[WhiteTeam "SG Schwäbisch Gmünd 1872 e.V"]

1. e4 c6 2. d4 d5 3. Nc3 dxe4 4. Nxe4 Nd7 5. Nf3 Ngf6 6. Ng3 e6 7. Bd3 Be7 8.
O-O c5 9. c4 O-O 10. b3 b6 11. Bb2 Bb7 12. Qe2 Re8 13. Rad1 Qc7 14. Ne4 Nxe4
15. Bxe4 Bxe4 16. Qxe4 Bf6 17. Rd2 Rad8 18. Rfd1 cxd4 19. Bxd4 Nc5 20. Qe3 Bxd4
21. Nxd4 h6 22. Nb5 Rxd2 23. Rxd2 Qe7 24. g3 Rd8 25. b4 Rxd2 26. Qxd2 Na6 27.
a3 Nb8 28. Qd6 Qxd6 29. Nxd6 a5 30. Nc8 axb4 31. axb4 Nd7 32. f4 Kf8 33. Kf2
Ke8 34. Ke3 Kd8 35. Nd6 Ke7 36. Ne4 Nb8 37. Kd4 Nc6+ 38. Kc3 f5 39. Nf2 Kd6 40.
Nd3 e5 41. fxe5+ Nxe5 42. c5+ bxc5 43. bxc5+ Kd5 44. Nxe5 Kxe5 45. Kb4 g5 46.
Ka5 f4 47. c6 f3 48. c7 f2 49. c8=Q f1=Q 50. Qh8+ Ke4 51. Qxh6 Qf5+ 52. Kb6 g4
53. Qd2 Kf3 54. Kc7 Qf7+ 55. Kd8 Qf8+ 56. Kd7 Qf7+ 57. Kd6 Qf6+ 58. Kd7 Qf7+
1/2-1/2

[Event "30. Staufer-Open (A)"]
[Site "?"]
[Date "2018.01.04"]
[Round "5"]
[White "Naumkin, Igor"]
[Black "Stork, Oliver"]
[Result "1-0"]
[WhiteElo "2394"]
[BlackElo "2176"]
[PlyCount "59"]
[EventDate "2018.??.??"]
[BlackTeam "SV Oberursel"]

1. d4 d5 2. c4 e6 3. Nf3 Nf6 4. Nc3 Be7 5. Bg5 O-O 6. e3 h6 7. Bh4 Ne4 8. Bxe7
Qxe7 9. Rc1 c6 10. Bd3 Nxc3 11. Rxc3 dxc4 12. Bxc4 Nd7 13. O-O b6 14. Qe2 Bb7
15. Ba6 Bxa6 16. Qxa6 c5 17. Rfc1 e5 18. dxc5 Nxc5 19. Qb5 f6 20. b4 Ne6 21.
Nh4 Rfd8 22. Nf5 Qd7 23. Qe2 Kf8 24. h4 Rac8 25. Rxc8 Rxc8 26. Rd1 Qc7 27. Rd6
Kf7 28. Qg4 Qc4 29. Rd7+ Kf8 30. Rd8+ 1-0

[Event "30. Staufer-Open (A)"]
[Site "?"]
[Date "2018.01.04"]
[Round "5"]
[White "Michalczak, Thomas"]
[Black "Skembris, Spyridon"]
[Result "1-0"]
[WhiteElo "2208"]
[BlackElo "2387"]
[PlyCount "107"]
[EventDate "2018.??.??"]
[WhiteTeam "Schachgesellschaft Solingen e.V."]
[BlackTeam "SC Grunbach"]

1. e4 c5 2. Nf3 g6 3. c4 Bg7 4. d4 cxd4 5. Nxd4 Nc6 6. Be3 Nf6 7. Nc3 O-O 8.
Be2 b6 9. O-O Bb7 10. f3 d6 11. Qd2 Rc8 12. Nc2 Nd7 13. Rac1 f5 14. exf5 gxf5
15. f4 Nf6 16. Bf3 Qd7 17. b3 Kh8 18. Nd4 Nd8 19. Qd3 e5 20. Bxb7 Nxb7 21. Nc2
Ng4 22. fxe5 Nxe3 23. Nxe3 Nc5 24. Qc2 f4 25. Ned5 Bxe5 26. Ne2 Qg4 27. h3 Qh4
28. Rf3 Ne6 29. Rcf1 b5 30. Qd3 bxc4 31. bxc4 Rce8 32. Ndxf4 Nxf4 33. Nxf4 Rg8
34. Kh1 Qg5 35. Qd5 Rc8 36. g4 Qh4 37. Nd3 Bg7 38. Kg2 Qe7 39. Rf7 Qe3 40. R7f4
Qb6 41. Re4 Rgf8 42. Rxf8+ Rxf8 43. Rf4 Rxf4 44. Nxf4 Qb2+ 45. Kf3 Qc3+ 46. Qd3
Qf6 47. Qe4 Qc3+ 48. Qd3 Qf6 49. Qe3 Bh6 50. Qe8+ Kg7 51. Qd7+ Kh8 52. Qc8+ Bf8
53. g5 Qf7 54. Kg4 1-0

[Event "30. Staufer-Open (A)"]
[Site "?"]
[Date "2018.01.04"]
[Round "5"]
[White "Jansen, Dirk Norbert"]
[Black "Zeller, Frank"]
[Result "0-1"]
[WhiteElo "2180"]
[BlackElo "2379"]
[PlyCount "62"]
[EventDate "2018.??.??"]
[WhiteTeam "Schachvereinigung 1920 Plettenbe"]
[BlackTeam "SK Schwäbisch Hall"]

1. e4 c5 2. Nf3 e6 3. d4 cxd4 4. Nxd4 a6 5. Nc3 b5 6. a3 Bb7 7. g3 d6 8. Bg2
Nd7 9. O-O Rc8 10. f4 Ngf6 11. g4 h6 12. Qe2 Rc4 13. Nb3 Qc7 14. Nd2 Rc5 15.
Nb3 Rc4 16. Nd2 Qb6+ 17. Kh1 Rc8 18. Nb3 Be7 19. Be3 Qc7 20. Rad1 g5 21. fxg5
hxg5 22. Bxg5 Nxe4 23. Nxe4 Bxe4 24. Bxe7 Bxg2+ 25. Qxg2 Kxe7 26. Qf2 Rh7 27.
Rd2 Rg8 28. Qf4 Rg6 29. Rfd1 Qb7+ 30. Kg1 Ne5 31. Rg2 Rh4 0-1

[Event "30. Staufer-Open (A)"]
[Site "?"]
[Date "2018.01.04"]
[Round "5"]
[White "Walter, Andreas"]
[Black "Höglauer, Patrick"]
[Result "1-0"]
[WhiteElo "2127"]
[BlackElo "2343"]
[PlyCount "87"]
[EventDate "2018.??.??"]
[WhiteTeam "Schachverein Mülheim-Nord 1931 e"]
[BlackTeam "SC Grunbach"]

1. d4 Nf6 2. c4 e6 3. Nc3 Bb4 4. Qc2 O-O 5. a3 Bxc3+ 6. Qxc3 b6 7. Bg5 Bb7 8.
f3 h6 9. Bh4 d5 10. e3 Nbd7 11. cxd5 Nxd5 12. Bxd8 Nxc3 13. Bh4 Nd5 14. Bf2 e5
15. e4 Nf4 16. d5 c6 17. g3 Ng6 18. dxc6 Bxc6 19. Rc1 Rac8 20. Ba6 Rc7 21. Ne2
Rd8 22. b4 Nb8 23. Bc4 Bb7 24. O-O Nf8 25. b5 Bc8 26. Bd5 Rxc1 27. Rxc1 Be6 28.
Nc3 Rc8 29. Be3 Nbd7 30. Bc6 Nf6 31. a4 Bd7 32. Nd5 Nxd5 33. exd5 Rc7 34. Ra1
Ng6 35. d6 Rxc6 36. bxc6 Bxc6 37. a5 bxa5 38. Rxa5 Bd7 39. Rxa7 Nf8 40. Bb6 Be6
41. Ra8 Bd7 42. Bd8 Kh7 43. Be7 Ne6 44. Ra7 1-0

[Event "30. Staufer-Open (A)"]
[Site "?"]
[Date "2018.01.04"]
[Round "5"]
[White "Nickel, Rüdiger"]
[Black "Schitco, Ivan"]
[Result "0-1"]
[WhiteElo "2126"]
[BlackElo "2334"]
[PlyCount "124"]
[EventDate "2018.??.??"]
[WhiteTeam "SK Dinkelsbühl e.V."]

1. e4 e5 2. Nf3 Nc6 3. Bb5 a6 4. Bxc6 dxc6 5. Nc3 f6 6. d4 Bg4 7. dxe5 Qxd1+ 8.
Nxd1 Bxf3 9. gxf3 fxe5 10. f4 exf4 11. Bxf4 O-O-O 12. Ne3 Re8 13. f3 Nf6 14.
O-O-O Bc5 15. Rde1 Rhf8 16. Bg5 Nh5 17. Rhf1 h6 18. Bh4 Bd6 19. Re2 g5 20. Be1
Nf4 21. Ref2 Bc5 22. Bd2 Bxe3 23. Bxe3 Nh3 24. Rg2 Rxe4 25. Rg3 Rxe3 26. Rxh3
Re6 27. Rg1 Kd7 28. Rg4 Ref6 29. Re4 Re8 30. Kd2 Rxe4 31. fxe4 Ke6 32. Ke3 Ke5
33. Rh5 c5 34. h4 Rg6 35. hxg5 hxg5 36. Rh8 g4 37. Re8+ Kd6 38. Kf2 Re6 39.
Rd8+ Ke7 40. Rd5 Rxe4 41. Rxc5 Kd6 42. Rc3 c5 43. Kg3 Kc6 44. a3 b5 45. Rd3 c4
46. Rd2 c3 47. bxc3 Re3+ 48. Kxg4 Rxc3 49. Kf5 Rxa3 50. c4 bxc4 51. Ke4 Kc5 52.
Rb2 c3 53. Rb8 Kc4 54. Ke3 Ra2 55. Rc8+ Kb3 56. Rb8+ Kc2 57. Rc8 Ra4 58. Rc6 a5
59. Rc5 Rb4 60. Rxa5 Kb2 61. Rh5 c2 62. Rh2 Kb1 0-1

[Event "30. Staufer-Open (A)"]
[Site "?"]
[Date "2018.01.04"]
[Round "5"]
[White "Gheng, Josef"]
[Black "Adocchio, Giampiero"]
[Result "1-0"]
[WhiteElo "2334"]
[BlackElo "2138"]
[PlyCount "49"]
[EventDate "2018.??.??"]
[WhiteTeam "SK Wernau"]
[BlackTeam "Mosbacher SC von 1931"]

1. c4 e6 2. Nf3 Nf6 3. b3 d5 4. Bb2 b6 5. cxd5 exd5 6. g3 Bb7 7. Bg2 Bd6 8. O-O
O-O 9. Nh4 Re8 10. Na3 Nbd7 11. Nb5 Bf8 12. Rc1 c6 13. Nd4 c5 14. Nc2 Rc8 15.
Re1 Rc7 16. d4 g6 17. Nf3 Bg7 18. dxc5 bxc5 19. b4 cxb4 20. Nxb4 Rxc1 21. Qxc1
Qa5 22. a3 Rc8 23. Qa1 Qb6 24. Bd4 Qa5 25. Bh3 1-0

[Event "30. Staufer-Open (A)"]
[Site "?"]
[Date "2018.01.04"]
[Round "5"]
[White "Buckels, Valentin"]
[Black "Seitz, Patrick"]
[Result "1-0"]
[WhiteElo "2332"]
[BlackElo "1980"]
[PlyCount "40"]
[EventDate "2018.??.??"]
[WhiteTeam "Schachverein Mülheim-Nord 1931 e"]
[BlackTeam "SR Heuberg-Gosheim"]

1. d4 Nf6 2. Bf4 e6 3. Nf3 c5 4. e3 cxd4 5. exd4 d5 6. c3 Bd6 7. Bg3 Nc6 8. Bd3
O-O 9. Nbd2 Qc7 10. Qe2 h6 11. Ne5 Nd7 12. Ndf3 Ndxe5 13. dxe5 Be7 14. O-O a5
15. Rac1 b6 16. c4 Ba6 17. cxd5 Bxd3 18. Qxd3 exd5 19. e6 Qc8 20. exf7+ Rxf7
1-0

[Event "30. Staufer-Open (A)"]
[Site "?"]
[Date "2018.01.04"]
[Round "5"]
[White "Wichmann, Cliff"]
[Black "Krastev, Alexander"]
[Result "1/2-1/2"]
[WhiteElo "2314"]
[BlackElo "2004"]
[PlyCount "57"]
[EventDate "2018.??.??"]
[WhiteTeam "ESV Nickelhütte Aue"]
[BlackTeam "Biebertaler Schachfreunde"]

1. d4 Nf6 2. Nf3 g6 3. c4 Bg7 4. Nc3 O-O 5. e4 d6 6. Be2 c5 7. d5 e6 8. dxe6
Bxe6 9. O-O Nc6 10. h3 Qb6 11. Nd5 Bxd5 12. exd5 Nb8 13. Qc2 Nbd7 14. Bd2 Rae8
15. Bd3 Qc7 16. Rad1 Nh5 17. g3 Ne5 18. Be2 Nf6 19. Nxe5 dxe5 20. Bf3 Qd6 21.
Qa4 a6 22. b4 Nd7 23. bxc5 Nxc5 24. Qa3 Rc8 25. Rb1 f5 26. Be3 e4 27. Bg2 Rf7
28. Rfd1 Be5 29. Rd2 1/2-1/2

[Event "30. Staufer-Open (A)"]
[Site "?"]
[Date "2018.01.04"]
[Round "5"]
[White "Schweizer, Manfred"]
[Black "Stefansson, Vignir Vatnar"]
[Result "0-1"]
[WhiteElo "2013"]
[BlackElo "2304"]
[PlyCount "48"]
[EventDate "2018.??.??"]
[WhiteTeam "Post-SV Memmingen e.V."]

1. g3 f5 2. Bg2 Nf6 3. d3 d6 4. c4 e5 5. Nc3 Be7 6. e3 O-O 7. Nge2 c6 8. O-O
Be6 9. f4 Qe8 10. c5 Nbd7 11. cxd6 Bxd6 12. fxe5 Bxe5 13. d4 Bc7 14. d5 cxd5
15. Nxd5 Nxd5 16. Bxd5 Nc5 17. Qd4 Bb6 18. Nf4 Kh8 19. Nxe6 Nxe6 20. Qe5 Nc5
21. Rxf5 Qxe5 22. Rxe5 Nd3 23. Re6 Rad8 24. Bb3 Nc5 0-1

[Event "30. Staufer-Open (A)"]
[Site "?"]
[Date "2018.01.04"]
[Round "5"]
[White "Jurek, Josef"]
[Black "Hund, Sarah"]
[Result "1/2-1/2"]
[WhiteElo "2260"]
[BlackElo "1964"]
[PlyCount "136"]
[EventDate "2018.??.??"]
[WhiteTeam "SG Schwäbisch Gmünd 1872 e.V"]
[BlackTeam "Karlsruher SF 1853"]

1. c4 e5 2. Nc3 Nc6 3. Nf3 Bc5 4. e3 d6 5. d4 Bb6 6. Nd5 Ba5+ 7. Bd2 Bxd2+ 8.
Qxd2 Nf6 9. Nxf6+ Qxf6 10. d5 Ne7 11. e4 Ng6 12. Qg5 Qf4 13. Qxf4 Nxf4 14. g3
Nh5 15. Bd3 a5 16. O-O O-O 17. b3 Bh3 18. Rfc1 b6 19. a3 Nf6 20. Nd2 Nd7 21. f3
Nc5 22. Bc2 f5 23. b4 Nd7 24. Nb3 fxe4 25. Bxe4 Bf5 26. Bxf5 Rxf5 27. Kg2 Nf6
28. bxa5 bxa5 29. Nd2 Nd7 30. Ne4 Raf8 31. Rf1 Nb6 32. Rac1 Rb8 33. Rf2 Nd7 34.
c5 dxc5 35. Nxc5 Nb6 36. Rd2 Rd8 37. Ne6 Rxd5 38. Rxd5 Nxd5 39. Nxc7 Ne3+ 40.
Kf2 Ng4+ 41. Ke2 Nxh2 42. Rc3 g5 43. Nd5 Rf7 44. Rc8+ Kg7 45. Rc7 g4 46. Rxf7+
Kxf7 47. fxg4 Nxg4 48. Nb6 Nf6 49. Nc4 Ke6 50. Nxa5 Kd5 51. Nb3 Ne4 52. Kf3 h5
53. Nc1 Nd2+ 54. Kf2 Nc4 55. a4 Kd4 56. Nb3+ Kc3 57. Nc5 Kb4 58. Nd7 Nd2 59.
Nf6 Kxa4 60. Ke2 Nc4 61. Nxh5 Kb4 62. g4 Kc5 63. g5 Kd5 64. g6 Ke6 65. Kf3 Nd6
66. Kg4 Ne4 67. g7 Kf7 68. Kf5 Ng3+ 1/2-1/2

[Event "30. Staufer-Open (A)"]
[Site "?"]
[Date "2018.01.04"]
[Round "5"]
[White "Sinz, Bernhard"]
[Black "Bajorski, Marius"]
[Result "1-0"]
[WhiteElo "2400"]
[BlackElo "1822"]
[PlyCount "41"]
[EventDate "2018.??.??"]
[WhiteTeam "TG Biberach"]
[BlackTeam "SV 1920 Hofheim"]

1. e4 e5 2. f4 exf4 3. Nf3 g5 4. Nc3 Bg7 5. d4 d6 6. g3 g4 7. Nh4 f3 8. Be3 Nc6
9. Qd2 Bd7 10. O-O-O a6 11. h3 h5 12. Kb1 Qc8 13. Nd5 Nf6 14. Bg5 Ng8 15. c3
Nce7 16. Bxe7 Nxe7 17. Qg5 Bf8 18. Nf6+ Kd8 19. Nxh5 Rg8 20. Qf4 gxh3 21. Nf6
1-0

[Event "30. Staufer-Open (A)"]
[Site "?"]
[Date "2018.01.04"]
[Round "5"]
[White "Karimi, Farhad"]
[Black "Kostic, Vladimir"]
[Result "1-0"]
[WhiteElo "2087"]
[BlackElo "2326"]
[PlyCount "79"]
[EventDate "2018.??.??"]
[WhiteTeam "Satranç Club 2000 e.V."]
[BlackTeam "Schachklub München Südost e.V."]

1. d4 d6 2. c4 e5 3. Nc3 exd4 4. Qxd4 Nc6 5. Qd2 g6 6. b3 Bg7 7. Bb2 Nf6 8. e3
O-O 9. Nf3 Re8 10. Be2 Bg4 11. O-O Qc8 12. Rfe1 h6 13. Rad1 Ne5 14. Nd4 h5 15.
f3 Bd7 16. Bf1 h4 17. f4 Nc6 18. Nf3 h3 19. Ng5 hxg2 20. Bxg2 Bg4 21. Nd5 Qd8
22. Rc1 Rf8 23. e4 Be6 24. Qf2 Bxd5 25. cxd5 Nb4 26. Re3 Nh5 27. Bxg7 Kxg7 28.
Rh3 c5 29. a3 Na6 30. Bf3 Rh8 31. Bxh5 gxh5 32. e5 Kf8 33. e6 Qf6 34. exf7 Nc7
35. Rd3 Qf5 36. Qf3 Rh6 37. Re1 Qg4+ 38. Qxg4 hxg4 39. Ne6+ Nxe6 40. dxe6 1-0

[Event "30. Staufer-Open (A)"]
[Site "?"]
[Date "2018.01.04"]
[Round "5"]
[White "Schulz, Karsten"]
[Black "Hart, Martin"]
[Result "1-0"]
[WhiteElo "2293"]
[BlackElo "2086"]
[PlyCount "103"]
[EventDate "2018.??.??"]
[WhiteTeam "SF Schwerin"]
[BlackTeam "SV Hellern"]

1. Nf3 Nf6 2. g3 b5 3. Bg2 Bb7 4. O-O e6 5. d3 c5 6. e4 d5 7. Nbd2 Nc6 8. Re1
Be7 9. Qe2 a5 10. e5 Nd7 11. Nf1 Qc7 12. Bf4 h6 13. h4 b4 14. Ne3 Nb6 15. h5
Qd7 16. c4 Rd8 17. Rad1 Nd4 18. Nxd4 cxd4 19. Ng4 Kf8 20. b3 Rc8 21. Qd2 Qd8
22. Rc1 Rc5 23. Nh2 Kg8 24. Nf3 dxc4 25. dxc4 Rc7 26. Nxd4 Bxg2 27. Kxg2 Rd7
28. Rcd1 Bc5 29. Be3 Qb8 30. f4 Qb7+ 31. Kh2 Kf8 32. Nxe6+ fxe6 33. Bxc5+ Kf7
34. Qc2 Rhd8 35. Bd6 Kg8 36. Qg6 Qf3 37. Rd2 Kh8 38. Qxe6 Nc8 39. c5 Nxd6 40.
exd6 Qxh5+ 41. Kg2 Qxc5 42. Red1 a4 43. Qd5 Qa7 44. Qe6 axb3 45. axb3 Qb7+ 46.
Kh2 Rc8 47. Re2 Rc3 48. Qg6 Rc8 49. Rde1 Rg8 50. Re8 Rd8 51. Rxd8 Rxd8 52. Re7
1-0

[Event "30. Staufer-Open (A)"]
[Site "?"]
[Date "2018.01.04"]
[Round "5"]
[White "Richter, Gerald"]
[Black "Hahn, Markus"]
[Result "1-0"]
[WhiteElo "2077"]
[BlackElo "2282"]
[PlyCount "67"]
[EventDate "2018.??.??"]
[WhiteTeam "Siegener SV"]
[BlackTeam "Kasseler SK 1876"]

1. d4 Nf6 2. c4 e6 3. Nf3 Bb4+ 4. Nbd2 O-O 5. a3 Be7 6. e4 d5 7. e5 Nfd7 8. c5
f6 9. b4 b6 10. Qc2 bxc5 11. bxc5 fxe5 12. c6 exd4 13. cxd7 Bxd7 14. Bd3 Bd6
15. Bxh7+ Kh8 16. Nb3 Rxf3 17. gxf3 Nc6 18. Bd3 Qh4 19. Nc5 Bxc5 20. Qxc5 Ne5
21. Be2 d3 22. Bb2 Nc4 23. Bxg7+ Kxg7 24. Bxd3 Qf6 25. Rd1 Ne5 26. Be2 Rb8 27.
Rg1+ Kh8 28. Rg3 Rb2 29. Qc3 Rxe2+ 30. Kxe2 Bb5+ 31. Kd2 Qf4+ 32. Ke1 c6 33.
Rd4 Qf6 34. Rh4+ 1-0

[Event "30. Staufer-Open (A)"]
[Site "?"]
[Date "2018.01.04"]
[Round "5.24"]
[White "Dette, Jan"]
[Black "Weiß, Oliver"]
[Result "1/2-1/2"]
[WhiteElo "2061"]
[BlackElo "2280"]
[PlyCount "40"]
[EventDate "2018.??.??"]
[WhiteTeam "Schachfreunde Essen-Katernberg 0"]
[BlackTeam "TG Biberach"]

1. e4 e6 2. d4 d5 3. Nd2 Nc6 4. Ngf3 Nf6 5. e5 Nd7 6. c4 dxc4 7. Nxc4 Nb6 8. a3
Ne7 9. Na5 Qd5 10. b4 Bd7 11. Qc2 Ba4 12. Qxc7 Nc6 13. Qxb7 Nxd4 14. Qxd5 Nc2+
15. Kd2 Nxd5 16. Bb5+ Bxb5 17. Kxc2 Rc8+ 18. Kb2 Be7 19. Bd2 O-O 20. Rac1 Nb6
1/2-1/2

[Event "30. Staufer-Open (A)"]
[Site "?"]
[Date "2018.01.04"]
[Round "5"]
[White "Namyslo, Holger"]
[Black "Kreuzahler, Marc"]
[Result "1/2-1/2"]
[WhiteElo "2278"]
[BlackElo "2043"]
[PlyCount "84"]
[EventDate "2018.??.??"]
[WhiteTeam "TG Biberach"]
[BlackTeam "SC Tettnang"]

1. d4 Nf6 2. Nf3 g6 3. e3 Bg7 4. Bd3 O-O 5. O-O d6 6. Nbd2 Nc6 7. e4 Bg4 8. h3
Bd7 9. d5 Nb4 10. Be2 a5 11. c4 a4 12. Ne1 Ne8 13. a3 Na6 14. Nd3 c5 15. f4 b5
16. e5 bxc4 17. Nxc4 Bb5 18. Qc2 dxe5 19. Ndxe5 f6 20. Nc6 Bxc6 21. dxc6 Nb8
22. Qe4 Qd4+ 23. Qxd4 cxd4 24. Nb6 Ra7 25. Bb5 Nc7 26. Bxa4 Ra6 27. Bb3+ Kh8
28. Nd7 Nxd7 29. cxd7 Rd8 30. Bd2 Rxd7 31. Rac1 Ra8 32. f5 gxf5 33. Rxf5 e5 34.
Bb4 e4 35. Rfc5 Na6 36. Rc8+ Rd8 37. Rxa8 Rxa8 38. Bd5 Re8 39. Bf7 Bh6 40. Re1
Rb8 41. Rxe4 Nxb4 42. axb4 Be3+ 1/2-1/2

[Event "30. Staufer-Open (A)"]
[Site "?"]
[Date "2018.01.04"]
[Round "5"]
[White "Kersten, Uwe"]
[Black "Suvorov, Luca"]
[Result "1-0"]
[WhiteElo "2247"]
[BlackElo "2086"]
[PlyCount "81"]
[EventDate "2018.??.??"]
[WhiteTeam "Kasseler SK 1876"]
[BlackTeam "Schachgemeinschaft Porz e.V."]

1. e4 e5 2. Nf3 Nc6 3. Bb5 a6 4. Bxc6 dxc6 5. O-O Bg4 6. h3 h5 7. d3 Qf6 8.
Nbd2 g5 9. d4 exd4 10. Re1 Be6 11. e5 Qg6 12. Nxd4 O-O-O 13. Nxe6 fxe6 14. Qf3
g4 15. Qe4 Qf7 16. hxg4 Bc5 17. Nf3 hxg4 18. Qxg4 Nh6 19. Qc4 Rdg8 20. Bf4 Bb6
21. g3 Ng4 22. Kg2 Nxf2 23. Rf1 Qh5 24. Qxe6+ Kb8 25. Rxf2 Bxf2 26. Kxf2 Qh7
27. Qc4 Qf5 28. Re1 Re8 29. e6 Re7 30. Qe4 Qc5+ 31. Be3 Qh5 32. Bg5 Ree8 33. e7
Qf7 34. Qe6 Rh2+ 35. Kg1 Qxf3 36. Kxh2 Rh8+ 37. Bh6 Qf2+ 38. Kh3 Rxh6+ 39. Qxh6
Qxe1 40. Qf8+ Ka7 41. e8=Q 1-0

[Event "30. Staufer-Open (A)"]
[Site "?"]
[Date "2018.01.04"]
[Round "5"]
[White "Hoffmann, Hendrik"]
[Black "Kabelka, Ondrej"]
[Result "1/2-1/2"]
[WhiteElo "2232"]
[BlackElo "2026"]
[PlyCount "37"]
[EventDate "2018.??.??"]
[WhiteTeam "Schachgemeinschaft Leipzig"]

1. e4 e6 2. d4 d5 3. Nc3 Bb4 4. e5 c5 5. a3 Bxc3+ 6. bxc3 Qa5 7. Bd2 Qa4 8. Be3
Nd7 9. dxc5 Ne7 10. Nf3 Nc6 11. Bd4 Qa5 12. Qd2 Nxc5 13. c4 Ne4 14. Qxa5 Nxa5
15. cxd5 exd5 16. Bd3 O-O 17. O-O Nc6 18. Rfe1 Bg4 19. Bb2 1/2-1/2

[Event "30. Staufer-Open (A)"]
[Site "?"]
[Date "2018.01.04"]
[Round "5.32"]
[White "Lenz, Jonas"]
[Black "Weiss, Andreas"]
[Result "1/2-1/2"]
[WhiteElo "2051"]
[BlackElo "2209"]
[PlyCount "35"]
[EventDate "2018.??.??"]
[WhiteTeam "SK Bad Homburg 1927"]
[BlackTeam "SG Schwäbisch Gmünd 1872 e.V"]

1. d4 Nf6 2. c4 e6 3. g3 Bb4+ 4. Bd2 Qe7 5. Nc3 O-O 6. Bg2 d5 7. Nf3 Bxc3 8.
Bxc3 Ne4 9. Rc1 Nd7 10. Qb3 Nxc3 11. Qxc3 dxc4 12. Qxc4 c6 13. Qc3 Re8 14. Rd1
f6 15. O-O e5 16. dxe5 Nxe5 17. Nxe5 Qxe5 18. Qxe5 1/2-1/2

[Event "30. Staufer-Open (B)"]
[Site "?"]
[Date "2018.01.04"]
[Round "5"]
[White "Bajorski, Leszek"]
[Black "Ries, Florian"]
[Result "1/2-1/2"]
[WhiteElo "1960"]
[BlackElo "1952"]
[PlyCount "53"]
[EventDate "2018.??.??"]
[WhiteTeam "SV 1920 Hofheim"]
[BlackTeam "SK Dinkelsbühl e.V."]

1. e4 c5 2. Nf3 e6 3. d4 cxd4 4. Nxd4 a6 5. Bd3 Nf6 6. Nc3 d6 7. O-O Be7 8. Qe2
Nbd7 9. a4 O-O 10. Kh1 Ne5 11. f4 Nxd3 12. cxd3 e5 13. Nf3 Bg4 14. h3 Nh5 15.
Qf2 Bxf3 16. Qxf3 Nxf4 17. Bxf4 exf4 18. Qxf4 Bf6 19. Qf2 Bxc3 20. bxc3 d5 21.
Qd4 dxe4 22. Qxe4 Qc7 23. Rab1 Rab8 24. Rb3 Rfe8 25. Qf3 Re7 26. Qf4 Rc8 27.
Qxc7 1/2-1/2

[Event "30. Staufer-Open (B)"]
[Site "?"]
[Date "2018.01.04"]
[Round "5"]
[White "Lichtmannecker, Daniel"]
[Black "Petrashov, Alexander"]
[Result "1-0"]
[WhiteElo "1833"]
[BlackElo "1992"]
[PlyCount "87"]
[EventDate "2018.??.??"]
[WhiteTeam "FC Ergolding 1932 e.V."]
[BlackTeam "SC Noris-Tarrasch Nürnberg 1873"]

1. d4 e6 2. Nf3 f5 3. c4 Nf6 4. e3 d5 5. Bd3 c6 6. O-O Bd6 7. b3 Nbd7 8. cxd5
cxd5 9. Ba3 Qe7 10. Bxd6 Qxd6 11. Nc3 a6 12. a4 O-O 13. Qc2 b6 14. Qb2 Bb7 15.
b4 Rac8 16. b5 a5 17. Rac1 Ne4 18. Ne2 h6 19. Ne5 Nxe5 20. dxe5 Qb4 21. Qxb4
axb4 22. Bxe4 dxe4 23. Nd4 Rxc1 24. Rxc1 Bd5 25. Kf1 Ra8 26. Ra1 Rc8 27. Rb1
Rc4 28. Ke1 Kf7 29. Kd2 Ke7 30. Rc1 Rxc1 31. Kxc1 Kd7 32. Kb2 g5 33. g3 h5 34.
Nc2 Kc7 35. Nxb4 Bc4 36. Kc3 Be2 37. Nc6 Bd1 38. Kb4 h4 39. Nd4 hxg3 40. hxg3
Kd7 41. a5 bxa5+ 42. Kxa5 Bh5 43. Kb6 f4 44. Ka7 1-0